000 00768nam a2200229Ia 4500
003 GCL
008 140319s9999 xx 000 0 ara d
040 _aGCL /
_cGCL
082 0 4 _a370.1934
_bح م
100 1 _aحامد عمار
245 1 0 _aمقالات فى التنمية البشرية العربية /
_cحامد عمار
250 _aالاولى
260 _aالقاهرة :
_bمكتبة الدار العربية للكتاب ،
_c1998
300 _a213 ص ؛
_c24 سم
490 _aدراسات فى التربية والثقافة
_v0
650 0 4 _aالفلسفة
650 0 4 _aالتنمية الاجتماعية
650 0 4 _aالتنمية الاقتصادية
650 0 4 _aالثقافة
650 0 4 _aالتعلم
942 _2ddc
_cBK
999 _c51967
_d51967